000 00755nam a22002297a 4500
999 _c5921
_d5921
003 AR-CdUCM
008 190313b ||||| |||| 00| 0 spa d
040 _aMUNICIPALIDAD PROVINCIAL DEL CUSCO
_cBIBLIOTECA MUNICIPAL DEL CUSCO
082 _a869.569 /
_bV24
100 _aVallejo, César
_910143
245 _aEl tungsteno :
_bNovela proletaria /
260 _aLima :
_bFondo de Cultura Popular,
_c1965.
300 _a156 paginas ;
_c18 cm.
440 _aColección los grandes autores del Perú
_917425
500 _aDonación de la familia Nieto.
505 _aContenido : El tungsteno.
650 _aNovelas peruanas
_9545
650 _aLiteratura peruana
_9169
650 _aLiteratura del siglo xx
_97647
942 _2ddc
_cLIBROS
945 _arum